03096nam a2200265 a 450000100100000000500170001000800410002702000180006804000250008608200150011124502310012626000620035730000280041950000740044750400300052150515570055158600510210870000380215995201280219795201280232595201280245395201130258195201190269499900170281300004589420240226184457.0150526s2015 dr 000 0 spa d a9789945492668 aDO-SdBNPbspacBNPHU axxxxbxxxx00aMemoria :bPremio Internacional Pedro Henríquez Ureña 2014 otorgado al poeta nicaragüense Ernesto Crdenal y al escritor uruguayu Eduardo Galeando /ccompilador, editor Luis O. Brea Franco ; prólogo Luis O. Brea Franco. aSanto Domingo :bMinisterio de Cultura,bNacional,c2015. a159 p. :bil. ;c23 cm. aIncluye referencias bibliográficas y notas al pie de las páginas. aBibliografía p. 155-1560 aPalabras del honorable señor ministro de cultura de la República Dominicana José Antonio Rodríguez, en el acto de entrega del Premio Internacional Pedro Henríquez Ureña, 24 de abril de 2014 --tDictamen Premio Internacional Pedro Henríquez Ureña que se otorga al escritor nicaragüense Ernesto Crdenal --tDictamen Premio Internacional Pedro Henríquez Ureña que se otorga al escritor uruguayo Ernesto Crdenal --tLección magistral del galardonado Ernesto Cardenal --tColoquio José Emilio Pacheco --tJosé Emilio Pacheco, tiempo de poesía y poesía de tiempo /rLiliana Weinberg --tUsted se enteró de lejos: La problemática del autor y la autoridad en morirás lejos de José Emilio Pacheco /rRamón Victoriano-Martínez --tColoquio Pedro Henríquez UreñarPedro Henríquez Ureña: La historia de la cultura en cuanto campo de batalla /rRafael Mondragón --tPedro Henríquez Ureña ¿entre primicias y olvidos? /rSherezada (Chiqui) Vicioso --tPedro Henríquez Ureña y la práctica de la crítica musical /rBerenice Villagómez --tColoquio sobre la obra de Galeano /tDisertación sobre la obra de Galeano: El derecho a la palabra. Eduardo Galeano y la América Latina del siglo XXI /rJorge Carlos Guerrero --tColoquio sobre la obra de Ernesto Cardenal --tEl sustrato espiritual de la poesía moderna /rJosé Luis Vega --tLa poesía es un estado de la materia: poesía beatnik y misticismo científico en el Canto Cósmico, de Ernesto Cardenal /rElidio la Torre Lagares , PH. D. aPremio Internacional Pedro Henríquez Ureña12aBrea Franco, Luis O.ecomp.97125 001054708DSaGRbGRcHDd2015-05-26iLF1l0oxxxx xxxxp45894-30r2020-06-25te. 3w2020-06-25yLFDSZPréstamo en sala 001054708DSaGRbGRcHDd2015-08-17iLF1l0oxxxx xxxxp45894-40r2020-06-25te. 4w2020-06-25yLFDSZPréstamo en sala 001054708DSaGRbGRcHDd2015-08-17iLF1l0oxxxx xxxxp45894-50r2020-06-25te. 5w2020-06-25yLFDSZPréstamo en sala 0010718PDaPDbPDcHDd2015-05-26iLF1l0oxxxx xxxxp45894-10r2020-06-25w2020-06-25yLFPDZNo se presta 0010718PDaPDbPDcHDd2015-05-26iLF1l0oxxxx xxxxp45894-20r2020-06-25te. 2w2020-06-25yLFPDZNo se presta c45383d45383